LEADER 01120nam0-2200385li-450 001 990000145900203316 005 20180312154736.0 010 $a0-672-30704-9 035 $a0014590 035 $aUSA010014590 035 $a(ALEPH)000014590USA01 035 $a0014590 100 $a20001109d1995----km-y0itay0103----ba 101 0 $aeng 102 $aUS 200 1 $aDelphi$edeveloper's guide$fXavier Pacheco, Steve Teixeira 210 $aIndianapolis$cSams$dcopyr. 1995 300 $acontiene 1 cd-rom 610 1 $aprogramma delphi 610 1 $asoftware$asviluppo 676 $a005.265$9Per specifici elaboratori 700 1$aPACHECO,$bXavier$0535114 702 1$aTeixeira,$bSteve 801 $aSistema bibliotecario di Ateneo dell' Universitą di Salerno$gRICA 912 $a990000145900203316 951 $a005.265 PAC$b0006808 959 $aBK 969 $aTEC 979 $c19960327 979 $c20001110$lUSA01$h1712 979 $c20020403$lUSA01$h1622 979 $aPATRY$b90$c20040406$lUSA01$h1611 979 $aANDRIA$b90$c20100420$lUSA01$h1729 996 $aDelphi$91491668 997 $aUNISA LEADER 01663oam 2200397Ka 450 001 9910692685903321 005 20040913112753.0 035 $a(CKB)5470000002354602 035 $a(OCoLC)56115707 035 9 $aocm56115707 035 $a(OCoLC)995470000002354602 035 $a(EXLCZ)995470000002354602 100 $a20040809d2004 ua 0 101 0 $aeng 181 $ctxt$2rdacontent 182 $cc$2rdamedia 183 $acr$2rdacarrier 200 10$aQuesta baseline and pre-mining ground-water quality investigation$h1$iDepth to bedrock determinations using shallow seismic data acquired in the Straight Creek drainage near Red River, New Mexico$b[electronic resource] /$fby Michael H. Powers and Bethany L. Burton 205 $aVersion 1.0. 210 1$a[Denver, Colo.] :$cU.S. Dept. of the Interior, U.S. Geological Survey,$d2004. 225 1 $aU.S. Geological Survey open-file report ;$v2004-1236 300 $aTitle from PDF title screen (viewed Aug. 9, 2004). 517 3 $aDepth to bedrock determinations using shallow seismic data acquired in the Straight Creek drainage near Red River, New Mexico 606 $aProspecting$zRed River Region (Tex. and La.)$xGeophysical methods 606 $aSeismic refraction method 615 0$aProspecting$xGeophysical methods. 615 0$aSeismic refraction method. 700 $aPowers$b Michael H$0278387 701 $aBurton$b Bethany L$01380983 712 02$aGeological Survey (U.S.) 801 0$bGPO 801 1$bGPO 906 $aBOOK 912 $a9910692685903321 996 $aQuesta baseline and pre-mining ground-water quality investigation$93423191 997 $aUNINA LEADER 03529nam 2200517I 450 001 9910966278503321 005 20191219103429.0 010 $a9781787546035 010 $a1787546039 010 $a9781787546110 010 $a178754611X 035 $a(CKB)4100000009934213 035 $a(MiAaPQ)EBC5979612 035 $a(UtOrBLW)9781787546110 035 $a(Perlego)1182201 035 $a(EXLCZ)994100000009934213 100 $a20191219h20192020 uy 0 101 0 $aeng 135 $aurun||||||||| 181 $ctxt$2rdacontent 182 $cc$2rdamedia 183 $acr$2rdacarrier 200 10$aDelivering victory $ethe history of U.S. military transportation /$fRichard E. Killblane (US Army Transportation School, USA) 210 1$aBingley, England :$cEmerald Publishing,$d[2020] 210 4$d©2020 215 $a1 online resource (385 pages) 311 1 $a9781787546042 311 1 $a1787546047 320 $aIncludes bibliographical references and index. 327 $aChapter 1. Introduction to transportation concepts -- Chapter 2. Genesis of American military transportation -- Chapter 3. WWII Asia pacific theater -- Chapter 4. North Africa to the European theater -- Chapter 5. Cold War -- Chapter 6. Vietnam War -- Chapter 7. A new army -- Chapter 8. Military operations other than war -- Chapter 9. Operation enduring freedom: Afghanistan -- Chapter 10. Operation Iraqi freedom -- Chapter 11. Rapid port opening -- Chapter 12. the way ahead -- Appendix -- Bibliography -- Index. 330 $aWhile there are many books on logistics which understand the concept of service and supply, none understand the important role of transportation in synchronizing logistics. Delivering Victory: The History of U.S. Military Transportation covers the evolution of military transportation in the U.S. Armed Forces from the Spanish American War until the recent humanitarian missions to Haiti and West Africa to show how military transportation both synchronizes and creates logistics operations and therefore shapes the conduct of contingency and combat operations. Based on a rich selection of both primary and secondary sources, this book explores how the role of military transportation in the U.S has evolved, from disparate organizations to a synchronized logistics approach which connects dots from end to end, from fort and factory, and to the foxhole. Chronicling the birth of a separate branch of the Army during the Second World War and the creation of a strategic logistics technique headed by a single organization, the author demonstrates how transportation created logistics operations due to its inherent moving nature which allowed military operations to change in scale and magnitude. To this end, this book demonstrates how the ability to deploy and sustain mass around the globe became the hallmark of American military transportation capability, and an essential part of delivering victory. 606 $aTransportation, Military$zUnited States$xHistory 606 $aHistory$xMilitary / Vehicles$2bisacsh 606 $aMilitary vehicles$2bicssc 607 $aUnited States$xArmed forces$xTransportation$xHistory 615 0$aTransportation, Military$xHistory. 615 7$aHistory$xMilitary / Vehicles. 615 7$aMilitary vehicles. 676 $a355.411 700 $aKillblane$b Richard E.$01128554 801 0$bUtOrBLW 801 1$bUtOrBLW 906 $aBOOK 912 $a9910966278503321 996 $aDelivering victory$94519609 997 $aUNINA